[Event "Mittelfrank Regionalliga Sud-West 2223"]
[Site "Mittelfranken"]
[Date "2023.03.05"]
[Round "7.1"]
[White "Josch, Sylvio"]
[Black "Moufang, Rainer"]
[Result "0-1"]
[WhiteElo "2105"]
[BlackElo "2242"]
[PlyCount "116"]
[EventDate "2022.10.09"]
[EventType "team-tourn"]
[EventRounds "9"]
[EventCountry "GER"]
[SourceTitle "EXT 2024"]
[Source "ChessBase"]
[SourceDate "2023.10.10"]
[SourceVersion "1"]
[SourceVersionDate "2023.10.10"]
[SourceQuality "1"]
[WhiteTeam "Altstadt Roter Turm"]
[BlackTeam "Haar"]
[WhiteTeamCountry "GER"]
[BlackTeamCountry "GER"]

1. e4 c6 2. Nc3 d5 3. Nf3 Bg4 4. h3 Bxf3 5. Qxf3 e6 6. d3 Nd7 7. Bd2 Ngf6 8. g4 g6 9. g5 Nh5 10. 0-0-0 Bg7 11. h4 0-0 12. Qg2 Qc7 13. Be2 Nf4 14. Qf1 b5 15. h5 b4 16. Nb1 Qe5 17. c3 bxc3 18. Nxc3 d4 19. Na4 Nb6 20. Nxb6 axb6 21. a3 Ra7 22. h6 Bh8 23. Rh4 Nxe2+ 24. Qxe2 Rfa8 25. Kb1 Qb5 26. Ka2 Be5 27. Bc1 Bd6 28. Qc2 c5 29. f4 Qd7 30. Rf1 b5 31. f5 b4 32. fxg6 fxg6 33. Qc4 bxa3 34. bxa3 Ra4 35. Qb3 Rb8 36. Qc2 Qb5 37. Rh3 c4 38. dxc4 Rxc4 39. Qd3 Qc6 40. Bb2 Rc2 41. Rb1 Bxa3 42. Qxc2 Qxc2 43. Rxa3 Qxe4 44. Ra7 Qd5+ 45. Ka1 Ra8 46. Ra3 Kf7 47. Rc1 Ke8 48. Rc7 Rxa3+ 49. Bxa3 Qa5 50. Re7+ Kd8 51. Rxh7 Qxa3+ 52. Kb1 Qb3+ 53. Ka1 Qc3+ 54. Ka2 d3 55. Rg7 d2 56. Rg8+ Kd7 57. h7 d1Q 58. h8Q Qda1# 0-1

[Event "Mittelfrank Regionalliga Sud-West 2122"]
[Site "Mittelfranken"]
[Date "2022.03.13"]
[Round "6.2"]
[White "Zehrfeld, Thorsten"]
[Black "Josch, Sylvio"]
[Result "1/2-1/2"]
[WhiteElo "2070"]
[BlackElo "2154"]
[PlyCount "74"]
[EventDate "2021.10.24"]
[EventType "team-tourn"]
[EventRounds "9"]
[EventCountry "GER"]
[SourceTitle "EXT 2024"]
[Source "ChessBase"]
[SourceDate "2023.10.10"]
[SourceVersion "1"]
[SourceVersionDate "2023.10.10"]
[SourceQuality "1"]
[WhiteTeam "Augsburg Rochade"]
[BlackTeam "Altstadt Roter Turm"]
[WhiteTeamCountry "GER"]
[BlackTeamCountry "GER"]

1. d4 c5 2. d5 e6 3. c4 Nf6 4. Nc3 exd5 5. cxd5 d6 6. g3 g6 7. Bg2 Bg7 8. Nf3 0-0 9. 0-0 Re8 10. Nd2 b6 11. a4 Ba6 12. Nb5 Bxb5 13. axb5 Nbd7 14. h3 Qc7 15. Ra4 a6 16. Rxa6 Rxa6 17. bxa6 b5 18. b3 Ra8 19. Bb2 Rxa6 20. Qc2 Qa7 21. Rb1 Ra2 22. Qd3 Qa6 23. f4 Nb6 24. Bxf6 Bxf6 25. Ne4 Be7 26. Bf1 b4 27. Rd1 f5 28. Qxa6 Rxa6 29. Nd2 Nxd5 30. e4 Nc3 31. Bxa6 Nxd1 32. exf5 d5 33. fxg6 hxg6 34. Bb7 Nc3 35. Kf2 Kf7 36. Kf3 Ke6 37. Ba6 Bf6 1/2-1/2

[Event "Regionalliga Sued-West 1819"]
[Site "Bayern"]
[Date "2019.04.07"]
[Round "9.1"]
[White "Josch, Sylvio"]
[Black "King, Alexander"]
[Result "1/2-1/2"]
[WhiteElo "2148"]
[BlackElo "2059"]
[PlyCount "80"]
[EventDate "2018.10.21"]
[EventType "team-tourn"]
[EventRounds "9"]
[EventCountry "GER"]
[SourceTitle "EXT 2022"]
[Source "ChessBase"]
[SourceDate "2021.10.06"]
[SourceVersion "1"]
[SourceVersionDate "2021.10.06"]
[SourceQuality "1"]
[WhiteTeam "Altstadt Roter Turm"]
[BlackTeam "Klosterlechfeld"]
[WhiteTeamCountry "GER"]
[BlackTeamCountry "GER"]

1. e4 c6 2. d4 d5 3. Nc3 dxe4 4. Nxe4 Bf5 5. Ng3 Bg6 6. h4 h6 7. Nf3 Nd7 8. h5 Bh7 9. Bd3 Bxd3 10. Qxd3 Ngf6 11. Bf4 Qa5+ 12. Bd2 Qc7 13. 0-0-0 e6 14. Ne4 0-0-0 15. g3 Nxe4 16. Qxe4 Bd6 17. c4 c5 18. Bc3 Nf6 19. Qe2 cxd4 20. Nxd4 a6 21. Kb1 Bc5 22. Nb3 Be7 23. g4 Rxd1+ 24. Rxd1 Rd8 25. Re1 Qd7 26. Bd4 Qc6 27. f3 Ne8 28. Be5 Bb4 29. Rc1 Bd6 30. Bc3 Bf4 31. Rc2 Qd7 32. Nc1 Nf6 33. Ba5 Bc7 34. Bxc7 Kxc7 35. a3 Qd1 36. Qe3 Qd4 37. Qb3 Qb6 38. Qc3 Qd4 39. Qa5+ Qb6 40. Qa4 Qc6 1/2-1/2

[Event "Regionalliga Sued-West 1718"]
[Site "Bayern"]
[Date "2017.12.10"]
[Round "4.1"]
[White "Mueller, Philipp1111"]
[Black "Josch, Sylvio"]
[Result "0-1"]
[WhiteElo "2210"]
[BlackElo "2182"]
[PlyCount "74"]
[EventDate "2017.10.22"]
[EventType "team-tourn"]
[EventRounds "9"]
[EventCountry "GER"]
[SourceTitle "EXT 2022"]
[Source "ChessBase"]
[SourceDate "2021.10.06"]
[SourceVersion "1"]
[SourceVersionDate "2021.10.06"]
[SourceQuality "1"]
[WhiteTeam "Augsburg SK Rochade"]
[BlackTeam "Altstadt Roter Turm"]
[WhiteTeamCountry "GER"]
[BlackTeamCountry "GER"]

1. c4 c6 2. g3 Nf6 3. Bg2 d5 4. Nf3 Bf5 5. Qb3 Qb6 6. d3 Nbd7 7. Be3 Qxb3 8. axb3 e5 9. Nh4 Bb4+ 10. Kd1 Bg6 11. h3 0-0 12. g4 d4 13. Bd2 a5 14. Kc2 Nc5 15. Bxb4 axb4 16. Nd2 e4 17. Nxg6 exd3+ 18. exd3 fxg6 19. Rxa8 Rxa8 20. Re1 Re8 21. Rxe8+ Nxe8 22. h4 Nd6 23. Be4 Kf7 24. f4 Ne6 25. f5 gxf5 26. gxf5 Nc5 27. Nf3 Kf6 28. Nxd4 Ndxe4 29. dxe4 Ke5 30. Nf3+ Kxe4 31. Ng5+ Kxf5 32. Nxh7 Kg4 33. Kd2 Kxh4 34. Ke3 Nxb3 35. Kf4 Nd2 36. Ng5 Nxc4 37. Nf3+ Kh5 0-1

[Event "Regionalliga Sued-West 1718"]
[Site "Bayern"]
[Date "2017.11.26"]
[Round "3.1"]
[White "Josch, Sylvio"]
[Black "Moufang, Rainer"]
[Result "1-0"]
[WhiteElo "2182"]
[BlackElo "2266"]
[PlyCount "45"]
[EventDate "2017.10.22"]
[EventType "team-tourn"]
[EventRounds "9"]
[EventCountry "GER"]
[SourceTitle "EXT 2022"]
[Source "ChessBase"]
[SourceDate "2021.10.06"]
[SourceVersion "1"]
[SourceVersionDate "2021.10.06"]
[SourceQuality "1"]
[WhiteTeam "Altstadt Roter Turm"]
[BlackTeam "Haar"]
[WhiteTeamCountry "GER"]
[BlackTeamCountry "GER"]

1. e4 c6 2. d4 d5 3. Nc3 dxe4 4. Nxe4 Bf5 5. Ng3 Bg6 6. h4 h6 7. f4 Nf6 8. Nf3 e6 9. h5 Bh7 10. Bd3 Bxd3 11. Qxd3 c5 12. f5 Bd6 13. Ne4 Nxe4 14. Qxe4 Bg3+ 15. Kf1 Qc7 16. Rh3 cxd4 17. Rxg3 Qxg3 18. Qxb7 0-0 19. Qxa8 e5 20. Qe4 Nd7 21. Bd2 Nf6 22. Qxe5 Qg4 23. Qf4 1-0

[Event "IECG SH.2007.0.00088 email"]
[Site "IECG email"]
[Date "2007.02.16"]
[Round "?"]
[White "Josch, Sylvio"]
[Black "Hassim, Yonah"]
[Result "1-0"]
[WhiteElo "2112"]
[BlackElo "2208"]
[PlyCount "65"]
[EventDate "2007.02.15"]
[EventType "tourn (corr)"]
[EventRounds "6"]
[SourceTitle "Corr 2022"]
[Source "ChessBase"]
[SourceDate "2021.10.24"]
[SourceVersion "1"]
[SourceVersionDate "2021.10.24"]
[SourceQuality "1"]

1. e4 c5 2. Nf3 d6 3. d4 cxd4 4. Nxd4 Nf6 5. Nc3 g6 6. Be3 Bg7 7. f3 Nc6 8. Qd2 0-0 9. Bc4 Nxd4 10. Bxd4 Qa5 11. Bb3 Be6 12. 0-0-0 b5 13. Kb1 Rfc8 14. Rhe1 Bxb3 15. cxb3 b4 16. Nd5 Nxd5 17. Bxg7 Nf4 18. Bh6 Ne6 19. a4 Qe5 20. Be3 Qxh2 21. Qf2 Rc7 22. f4 Qh5 23. g4 Qxg4 24. Rg1 Qh5 25. f5 Nc5 26. Rdf1 Nd3 27. Qd2 Ne5 28. Rh1 Qg4 29. Rf4 Qg3 30. fxg6 Nxg6 31. Qd5 Nxf4 32. Bxf4 Qg4 33. Qxa8+ 1-0

[Event "Munich-ch MK"]
[Site "Munich"]
[Date "2003.02.14"]
[Round "7"]
[White "Buchner, Rudolf"]
[Black "Josch, Sylvio"]
[Result "1-0"]
[WhiteElo "2197"]
[BlackElo "2126"]
[PlyCount "45"]
[EventDate "2003.01.17"]
[EventType "tourn"]
[EventRounds "9"]
[EventCountry "GER"]
[SourceTitle "EXT 2006"]
[Source "ChessBase"]
[SourceDate "2005.11.24"]
[SourceVersion "1"]
[SourceVersionDate "2005.11.24"]
[SourceQuality "1"]

1. e4 c5 2. Nf3 e6 3. d4 cxd4 4. Nxd4 a6 5. Bd3 Nc6 6. Be3 Qc7 7. 0-0 Nf6 8. Nc3 Be7 9. Kh1 0-0 10. Nxc6 dxc6 11. f4 e5 12. f5 b5 13. g4 Nd7 14. g5 Rd8 15. Qh5 g6 16. Qf3 Rf8 17. Qh3 Bc5 18. Bxc5 Nxc5 19. Qh6 Bb7 20. f6 Ne6 21. Rf3 Qd6 22. Rh3 Nxg5 23. Qg7# 1-0

[Event "Munich-ch MK"]
[Site "Munich"]
[Date "2003.01.17"]
[Round "1"]
[White "Josch, Sylvio"]
[Black "Pitschka, Claus"]
[Result "0-1"]
[WhiteElo "2126"]
[BlackElo "2244"]
[PlyCount "84"]
[EventDate "2003.01.17"]
[EventType "tourn"]
[EventRounds "9"]
[EventCountry "GER"]
[SourceTitle "EXT 2006"]
[Source "ChessBase"]
[SourceDate "2005.11.24"]
[SourceVersion "1"]
[SourceVersionDate "2005.11.24"]
[SourceQuality "1"]

1. e4 Nf6 2. e5 Nd5 3. c4 Nb6 4. d4 d6 5. f4 dxe5 6. fxe5 Nc6 7. Be3 Bf5 8. Nc3 e6 9. Nf3 Qd7 10. Be2 0-0-0 11. 0-0 Bg4 12. c5 Nd5 13. Nxd5 Qxd5 14. Ng5 Bxe2 15. Qxe2 Nxd4 16. Bxd4 Qxd4+ 17. Kh1 Qd2 18. Qxd2 Rxd2 19. Nxf7 Rg8 20. Ng5 Bxc5 21. Nxe6 Bb6 22. b4 Re8 23. Rf8 Rxf8 24. Nxf8 Bd4 25. Re1 Bxe5 26. h3 Bc3 27. b5 Rd8 28. Rc1 Rxf8 29. Rxc3 Rf5 30. a4 Rf4 31. a5 Rf5 32. Rb3 a6 33. bxa6 bxa6 34. Ra3 c5 35. g4 Rf4 36. Rc3 c4 37. Kg2 Kc7 38. Kg3 Rd4 39. Kf2 Kc6 40. Rf3 Kb5 41. Rf7 c3 42. Ke2 c2 0-1

[Event "Aeskulap op 13th"]
[Site "Goerlitz"]
[Date "1996.04.04"]
[Round "2"]
[White "Josch, Sylvio"]
[Black "Breitfeld, Matthias"]
[Result "1/2-1/2"]
[WhiteElo "1803"]
[BlackElo "1907"]
[PlyCount "38"]
[EventDate "1996.04.03"]
[EventType "swiss"]
[EventRounds "7"]
[EventCountry "GER"]
[SourceTitle "EXT 2009"]
[Source "ChessBase"]
[SourceDate "2008.11.26"]
[SourceVersion "1"]
[SourceVersionDate "2008.11.26"]
[SourceQuality "1"]

1. e4 c5 2. Nf3 d6 3. d4 cxd4 4. Nxd4 Nf6 5. Nc3 a6 6. Be2 e5 7. Nb3 Be7 8. Be3 0-0 9. 0-0 Be6 10. f4 exf4 11. Bxf4 Nc6 12. Qe1 Ne5 13. Kh1 Rc8 14. Rd1 Qc7 15. Nd4 Rfd8 16. Nxe6 fxe6 17. Qg3 Nf7 18. Qh3 e5 19. Be3 Qd7 1/2-1/2